[Event "Odorheiu Secuiesc zt"]
[Site "Odorheiu Secuiesc"]
[Date "1995.??.??"]
[Round "2"]
[White "Marin, Mihail"]
[Black "Horvath, Csaba"]
[Result "1/2-1/2"]
[WhiteElo "2540"]
[BlackElo "2500"]
[Annotator "Huebner,R"]
[PlyCount "37"]
[EventDate "1995.03.??"]
[EventType "swiss"]
[EventRounds "9"]
[EventCountry "ROU"]
[SourceTitle "CBM 047"]
[Source "ChessBase"]
[SourceDate "1995.08.01"]
[SourceVersion "1"]
[SourceVersionDate "1995.08.01"]
[SourceQuality "1"]

1. d4 d5 2. c4 c6 3. Nf3 Nf6 4. Nc3 dxc4 5. a4 Bf5 6. e3 e6 7. Bxc4 Bb4 8. O-O
Nbd7 9. Nh4 Bg6 10. h3 Bh5 11. g4 Nd5 12. Ng2 Bg6 13. f4 $1 Bxc3 (13... Nxc3 $2
14. bxc3 Bxc3 15. Ra3 Bb4 16. Rb3 a5 17. f5 $18) (13... f6 14. e4 Bxc3 (14...
Nxc3 15. bxc3 Bxc3 16. Ra3 Bb4 17. Rb3 a5 18. f5 exf5 19. exf5 Bf7 20. Re3+ Kf8
21. Bxf7 Kxf7 22. Qb3+ Kf8 23. Nf4 $18) 15. exd5 (15. bxc3 Bxe4 16. Re1 f5 $15)
15... cxd5 $8 16. bxc3 (16. Bxd5 exd5 17. bxc3 Be4 $13) 16... dxc4 17. f5 exf5
18. gxf5 Bf7 19. Ba3 $18) 14. bxc3 Be4 15. Bd3 Nxc3 16. Qd2 Bxd3 17. Qxd3 Nd5
18. Ba3 Qa5 19. f5 {Eine Partie von Bedeutung für die Beurteilung des Zuges 10.
h3, die leider nicht ausgekämpft wurde. Meines Erachtens steht Weiß in der
Schlußstellung viel besser; trifft das zu, dann ist 10...Lh5 wohl nicht zu
empfehlen.} 1/2-1/2

[Event "Excelsior Cup"]
[Site "Gothenburg"]
[Date "1999.01.12"]
[Round "6"]
[White "Ulybin, Mikhail"]
[Black "Hillarp Persson, Tiger"]
[Result "0-1"]
[WhiteElo "2552"]
[BlackElo "2482"]
[Annotator "Huebner,R"]
[PlyCount "80"]
[EventDate "1999.01.07"]
[EventType "tourn"]
[EventRounds "9"]
[EventCountry "SWE"]
[EventCategory "10"]
[SourceTitle "CBM 069"]
[Source "ChessBase"]
[SourceDate "1999.04.01"]
[SourceVersion "1"]
[SourceVersionDate "1999.04.01"]
[SourceQuality "1"]

1. d4 d5 2. Nf3 Nf6 3. c4 c6 4. Nc3 dxc4 5. a4 Bf5 6. e3 e6 7. Bxc4 Bb4 8. O-O
O-O 9. Nh4 Bg4 10. f3 Bh5 11. g4 Nd5 12. Ng2 Bg6 13. Na2 Be7 14. e4 Nb6 15. Bb3
(15. Be2 $5) 15... c5 16. dxc5 $2 (16. a5 N6d7 17. d5 {war die angewiesene
Fortsetzung.}) 16... N6d7 17. Be3 Bxc5 $15 18. Bxc5 Nxc5 19. Qxd8 Rxd8 20. Bc2
a5 21. Nc3 Nc6 22. Rad1 $6 {Weiß spielt schablonenhaft und erkennt die
Gefahren, die ihn bedrohen, nicht. Ich hätte} (22. Nf4 {versucht, um den
weißfeldrigen Läufer des Gegners nach f7-f6 eliminieren zu können; die
Schwäche der weißen Felder am Damenflügel (a4 und b3) ist danach weniger
fühlbar.}) 22... f6 23. Nf4 Nb4 24. Rxd8+ Rxd8 25. Rd1 Rxd1+ 26. Bxd1 Bf7 27.
Be2 $2 (27. h4 {bot vielleicht Überlebensaussichten.}) 27... g5 28. Nh5 (28.
Ng2 Nbd3 29. Bxd3 Nxd3 30. b3 (30. Nd1 Be8) 30... Nc5 {kostet einen Bauern,
und das dürfte entscheidend sein.}) 28... Bxh5 $19 29. gxh5 Kg7 30. Kf2 Kh6 31.
Ke3 e5 32. Nd5 Nxd5+ 33. exd5 Kxh5 34. Bd3 Kh6 35. d6 Kg7 36. Bf5 Kf7 37. b3 h5
38. h3 b6 39. Bc8 Ke8 40. Bf5 Kd8 0-1

[Event "RUS-ch Army"]
[Site "Russia"]
[Date "1995.??.??"]
[Round "?"]
[White "Kiselev, Sergey"]
[Black "Totsky, Leonid"]
[Result "1/2-1/2"]
[WhiteElo "2495"]
[BlackElo "2455"]
[Annotator "Huebner,R"]
[PlyCount "131"]
[EventDate "1995.??.??"]
[EventType "tourn"]
[EventRounds "11"]
[EventCountry "RUS"]
[EventCategory "10"]
[SourceTitle "CBM 048"]
[Source "ChessBase"]
[SourceDate "1995.10.01"]
[SourceVersion "1"]
[SourceVersionDate "1995.10.01"]
[SourceQuality "1"]

1. d4 d5 2. c4 c6 3. Nf3 Nf6 4. Nc3 dxc4 5. a4 Bf5 6. e3 e6 7. Bxc4 Bb4 8. O-O
h6 {Dieser Zug hat bisher nicht gebührene Beachtung gefunden. Er wurde aber
bereits in der Partie Kindl,P-Trachtmann,M OLWuert 1993, angewandt.} 9. Ne5 {
In der zitierten Partie geschah 9.Qe2 0-0 10.Ne5.} (9. Qb3 $5 Qe7 (9... Qb6 10.
Ne5 (10. e4 Nxe4 11. Nxe4 Bxe4 12. Bxe6 O-O) (10. Nh4 Bh7 11. a5 Bxa5 12. Bxe6
$13) 10... O-O 11. f3 Nbd7 12. Nxd7 Nxd7 13. e4 Bg6 (13... Qxd4+ 14. Kh1 Bg6
15. Rd1 (15. Qxb4 Ne5 (15... Nb6 16. b3 a5 17. Ne2 Qxa1 18. Qxb6 $18) 16. b3 c5
(16... a5 17. Qa3 Qxc3 18. Bb2 Nxc4 19. Qxf8+ $16) 17. Qxb7 Qxc3 {Ich sehe
nicht, wie Weiß Vorteil erlangen könnte.}) 15... Bxc3 16. Rxd4 (16. bxc3 Qf2
17. Ra2 Qh4 18. g3 Qf6 $13) 16... Bxd4 17. Qxb7 $16) 14. Be3 $14 e5 15. Ne2
exd4 16. Nxd4) 10. Ne5 $14) 9... O-O 10. f3 Nfd7 11. Nxd7 (11. Nd3 $5) 11...
Nxd7 12. e4 Bg6 13. Be3 $14 Qe7 14. Qb3 e5 {Dies kommt mir strategisch riskant
vor. Vorzuziehen ist wohl} (14... Nb6 15. Be2 a5 {, denn} 16. d5 {kann mit} Bc5
{pariert werden.}) 15. Ne2 Kh8 16. Ng3 Nb6 {Der N steht auf b6 nicht gut.} (
16... f6 $5) (16... exd4 17. Bxd4 Bc5 $5) 17. Be2 exd4 18. Bxd4 Rfd8 19. Be3 (
19. Bf2 $5) 19... Bc5 20. Bxc5 (20. a5 Nd5 $13) 20... Qxc5+ 21. Kh1 Rd7 (21...
a5 22. Rfc1 Qb4 23. Qxb4 axb4 24. a5 $16) 22. a5 Nc8 23. Rfc1 (23. Rad1 $6 Nd6
24. a6 (24. f4 f6 {bringt dem Weißen nichts ein.}) 24... b5 $13) (23. Rfd1 $5
Nd6 {Auch nach anderen Zügen dürfte Schwarz Probleme haben.} 24. a6 $16 {
denn nun scheitert} b5 {an} 25. Rac1) (23. f4 $5 f6 24. Bg4 {kommt auch in
Betracht.}) 23... Qe5 24. Rc2 $2 {Dieser Zug ist mir vollkommen unverständlich.
Mit} (24. a6 {konnte Weiß dem Gegner das Leben außerordentlich schwer machen,
zum Beispiel} Nd6 25. Qb4) 24... Ne7 25. Bc4 Rad8 26. Rcc1 f5 {Schwarz hat die
Schwierigkeiten überwunden.} 27. exf5 Nxf5 28. Nxf5 Bxf5 29. Re1 Qc5 30. Bf1
Bg6 31. Qe3 Qxe3 32. Rxe3 Rd2 33. Rb3 Bf7 34. Rc3 Rxb2 35. a6 Bd5 36. axb7 Rxb7
37. Kg1 Kg8 38. Kf2 Kf8 39. h4 Ke7 40. Ra5 Kd6 41. g4 Rdd7 42. g5 hxg5 43. hxg5
Rb2+ 44. Kg3 Ra2 45. Rxa2 Bxa2 46. f4 Bd5 47. Ra3 Kc5 48. Ra1 Kb4 49. Ba6 Bb3
50. f5 c5 51. Bc8 Rc7 52. Be6 Bxe6 53. fxe6 c4 54. Re1 Re7 55. Kf4 c3 56. Ke5
c2 57. Kd6 Re8 58. Kd7 Rb8 59. e7 Kc3 60. e8=Q Rxe8 61. Kxe8 Kd2 62. Ra1 c1=Q
63. Rxc1 Kxc1 64. Kf7 a5 65. Kxg7 a4 66. Kf7 1/2-1/2

[Event "Olomouc Skanska Cup"]
[Site "Olomouc"]
[Date "2004.08.07"]
[Round "4"]
[White "Babula, Vlastimil"]
[Black "Slaby, Jerzy"]
[Result "1-0"]
[WhiteElo "2569"]
[BlackElo "2391"]
[Annotator "Huebner,R"]
[PlyCount "47"]
[EventDate "2004.08.04"]
[EventType "tourn"]
[EventRounds "11"]
[EventCountry "CZE"]
[EventCategory "9"]
[SourceTitle "CBM 103"]
[Source "ChessBase"]
[SourceDate "2004.11.11"]
[SourceVersion "1"]
[SourceVersionDate "2004.11.11"]
[SourceQuality "1"]

1. d4 d5 2. c4 c6 3. Nf3 Nf6 4. Nc3 dxc4 5. a4 Bf5 6. e3 e6 7. Bxc4 Bb4 8. O-O
O-O 9. Nh4 Bg6 10. f3 Nbd7 11. Qb3 Qe7 12. e4 e5 13. Nxg6 hxg6 14. dxe5 Nxe5
15. Be2 Rad8 16. Kh1 Nh5 17. f4 Nd3 18. e5 Nxc1 19. Raxc1 Rd2 20. Bxh5 g5 (
20... gxh5 {dürfte der Partiezug gewesen sein.} 21. Ne4 Rd4 22. Rc4 Qe6 $2 {
Nach 22... Tfd8 ist nicht allzuviel los.} 23. Nf6+ $18) 21. Ne4 Rd4 22. Rc4 Qe6
23. Nf6+ Kh8 24. Qxb4 1-0

[Event "RUS-ch qual 57th"]
[Site "St Petersburg"]
[Date "2004.05.30"]
[Round "9"]
[White "Sakaev, Konstantin"]
[Black "Yevseev, Denis"]
[Result "1-0"]
[WhiteElo "2665"]
[BlackElo "2580"]
[Annotator "Huebner,R"]
[PlyCount "63"]
[EventDate "2004.05.21"]
[EventType "swiss"]
[EventRounds "9"]
[EventCountry "RUS"]
[SourceTitle "CBM 102"]
[Source "ChessBase"]
[SourceDate "2004.09.23"]
[SourceVersion "1"]
[SourceVersionDate "2004.09.23"]
[SourceQuality "1"]

1. d4 d5 2. c4 c6 3. Nf3 Nf6 4. Nc3 dxc4 5. a4 Bf5 6. e3 e6 7. Bxc4 Bb4 8. O-O
Nbd7 9. Nh4 Bg6 10. g3 a5 {Üblicher ist} (10... O-O) 11. Qe2 Bh5 $6 {Dies ist
keine plausible Fortsetzung. Der Läufer steht auf h5 nicht gut, und Weiß kommt
ohne weiteres zu e3-e4. Ein Vorgänger:} (11... O-O 12. Nxg6 hxg6 13. Rd1 Qe7
14. e4 e5 15. d5 Nc5 16. Bg5 Qc7 17. Qe3 Bxc3 18. d6 Qd7 19. bxc3 Ncxe4 20.
Bxf6 Nxf6 21. Qxe5 Rfe8 22. Qg5 Re4 23. Bb3 Rg4 24. Qe3 Re8 25. Qd3 Rge4 26.
Kg2 g5 27. Ra2 g4 28. Rad2 R8e5 29. Qb1 Re8 30. Bc2 R4e5 31. c4 g6 32. Qb6 {
1/2-1/2 Yevseev,D-Rozhkov,N/Nizhnij Novgorod 1998/EXT 2000 (32).}) 12. f3 O-O
13. Rd1 Nd5 14. Na2 Be7 15. Ng2 f5 {Es ist schwer, einen besseren Plan
vorzuschlagen.} (15... N5b6 16. Bb3 c5 17. Nf4 Bg6 18. Nxg6 hxg6 19. dxc5 Bxc5
20. Nc3 {führt zu Vorteil für Weiß.}) 16. Nf4 Bf7 (16... Nxf4 17. exf4 {
kostet einen Bauern, der nicht ohne Belang ist.}) 17. e4 fxe4 18. fxe4 Nxf4 19.
Bxf4 e5 $6 {Dies ist eine gewaltsame Aktion, die nur dem Weißen nützt. Nach
einer einfachen, soliden Fortsetzung wie zum Beispiel} (19... Nf6 20. Nc3 Kh8 {
ist der Vorteil des Weißen noch keineswegs bedeutend.}) 20. dxe5 Bc5+ $2 (20...
Qb6+ 21. Kg2 Nc5 22. Be3 Kh8 23. Bxf7 Rxf7 24. Rd7 {sieht hoffnungslos für
Schwarz aus.}) (20... Bxc4 21. Qxc4+ Kh8 22. Qe6 ({Auch nach} 22. Kg2 Qe8 23.
Nc3 Nc5 24. Be3 b6 {kann Schwarz Widerstand leisten.}) 22... Nc5 (22... Qb6+
23. Kh1 {kostet ein Figur.}) 23. Rxd8 Nxe6 24. Rxa8 Rxa8 {bietet dagegen noch
beträchtliche Überlebensaussichten.}) 21. Kh1 $1 (21. Kg2 Qe7 22. e6 Bxe6 23.
Bxe6+ Qxe6 24. Rxd7 Qxd7 25. Qc4+ Kh8 26. Qxc5 Rxf4 {führt nicht zum Sieg für
Weiß.}) 21... Qe7 22. e6 Bxe6 23. Bxe6+ Qxe6 24. Rxd7 Qxd7 25. Qc4+ Rf7 26.
Qxc5 h6 27. Nc3 g5 28. Bd6 Qg4 29. e5 h5 30. Qe3 Re8 31. Ne4 Rf5 32. Kg2 1-0

[Event "EU-Cup 14th final"]
[Site "Belgrade"]
[Date "1999.01.13"]
[Round "3"]
[White "Solozhenkin, Evgeniy"]
[Black "Jaracz, Pawel"]
[Result "1-0"]
[WhiteElo "2545"]
[BlackElo "2439"]
[Annotator "Huebner,R"]
[PlyCount "63"]
[EventDate "1999.01.11"]
[EventType "team-k.o."]
[EventRounds "3"]
[EventCountry "YUG"]
[SourceTitle "EXT 2020"]
[Source "ChessBase"]
[SourceDate "2019.10.17"]
[SourceVersion "1"]
[SourceVersionDate "2019.10.17"]
[SourceQuality "1"]
[WhiteTeam "St Petersburg"]
[BlackTeam "Gorzow Stilon Welkopolski"]
[WhiteTeamCountry "RUS"]
[BlackTeamCountry "POL"]

1. d4 {Kortschnoj} d5 2. Nf3 c6 3. c4 Nf6 4. Nc3 dxc4 5. a4 Bf5 6. e3 e6 7.
Bxc4 Bb4 8. O-O Nbd7 9. Nh4 Bg4 {Dieses Abspiel ist weitgehend au�er
Gebrauch gekommen. Man h�lt daf�r, da� die Expansion der
K�nigsfl�gelbauern, die hiermit provoziert wird, f�r Wei� g�nstig
ist; deshalb wird jetzt meist 9... Lg6 oder 9...0-0 gespielt.} (9... O-O {
Kortschnoj} 10. Nxf5 exf5 {is also playable.}) 10. f3 Bh5 11. g4 Bg6 12. e4 Qa5
{Kortschnoj: 'Besides this move 12...0-0 or 12...Ng8!? had been played with
satisfactory outcome for black.'} 13. Na2 {Dies scheint ein neuer Zug zu sein.
Er sieht plausibler aus als das bisher �bliche 13.De2; die Bauern auf a4 und
d4 bleiben gedeckt. Doch f�hrt auch die alte Fortsetzung zu einer
freundlichen Stellung f�r Wei�:} (13. Qe2 e5 14. Be3 {sieht einfacher und
plausibler aus:} (14. Na2 {wurde in der Partie Lputjan-Smagin, Meisterschaft
der UdSSR 1986 (Informator 41/437; vgl. Z. Ribli, Slawisch D16-19,
Informatormonographie, D18/103) gespielt. Der Partieverlauf ist h�chst
unklar; ich gebe zwei kurze Hinweise:} Be7 15. b4 Qb6 16. Kh1 Qxd4 17. Be3 Qd6
18. Rad1 Qc7 19. g5 Nh5 20. Nf5 Nf4 21. Nxg7+ Kf8 22. Qb2 Bxg5 23. Ne6+ Nxe6 $6
(23... fxe6 $142 24. Rxd7 Qxd7 25. Qxe5 Kf7 26. Qxg5 Nd3 {~}) 24. Bxe6 Bxe3 25.
Rxd7 Qb8 26. Rfd1 Bd4 (26... fxe6 27. Qb3 Bg5 28. Qxe6 Qe8 {-+}) 27. Qd2 h6 28.
Qg2 Qe8 29. Bh3 Rd8 30. Rxb7 Rd6 31. Qe2 Bh5 32. Rc7 Rg8 33. Rc8 Rd8 34. Rxd8
Qxd8 35. Nc1 Qh4 36. Bg2 Bf2 37. Qd2 Rg6 38. Qd8+ Kg7 39. Ne2 Rf6 40. Qd3 Qg5
41. Rf1 Be3 42. Ng3 Bg6 43. Bh3 {1/2-1/2}) 14... Bd6 15. f4 ({Weniger
�berzeugend geschah in der Partie Haik-Hector, Val Maubuue op 1988,} 15. Rad1
Nb6 16. dxe5 Bxe5 17. g5 Nfd7 18. f4 Bxc3 19. bxc3 Nxc4 20. Qxc4 O-O-O {
mit befriedigendem Spiel f�r Schwarz (0-1, 61).}) 15... exf4 16. Bxf4 Bxf4
17. Rxf4 Qg5 {Sonst setzt Wei� mit Sh4-f5 fort.} 18. Ng2 {mit Vorteil f�r
Wei�.}) 13... Nb6 (13... e5 $2 {Kortschnoj would be met by} 14. Qb3) ({after
} 13... Be7 {Kortschnoj} 14. b4 $5 Bxb4 15. Rb1 {white would have had strong
initiative...}) 14. Bd3 Rd8 15. Be3 e5 $2 (15... Be7 {war richtig.}) 16. Nxb4
Qxb4 17. a5 (17. dxe5 Nc4 18. Qe2 Nxe5 {ist einigerma�en befriedigend f�r
Schwarz.}) 17... Nc4 $2 {Dies f�hrt sofort zu einer Verluststellung, aber
auch nach} (17... Nbd7 18. Qc2 (18. Ra4 Qxb2 {f�hrt zu keinem klaren
Ergebnis.}) 18... exd4 19. Ra4 {ist die Stellung des Schwarzen h�chst
ungem�tlich.}) (17... Nbd7 {Kortschnoj was correct, with only slight
advantage to white.}) 18. Ra4 {'!' Kortschnoj.} Nxe3 19. Rxb4 Nxd1 20. Rxd1
Rxd4 21. Rxb7 O-O 22. Be2 {+- Der L�ufer auf g6 wird nun das Licht der Sonne
nicht mehr erblicken. Auch der Springer steht auf f6 nicht gerade wirkungsvoll,
und die Damenfl�gelbauern des Schwarzen werden die Beute des Gegners.
Kortschnoj: 'Due to bad location of black minor pieces white obtains big
positional (and soon material) advantage. '} Rxd1+ 23. Bxd1 Rd8 24. Ba4 h5 25.
g5 Nd7 26. Nxg6 fxg6 27. Bxc6 Nc5 28. Bd5+ {'+-' Kortschnoj.} Kh7 (28... Rxd5 {
Kortschnoj} 29. Rb8+ {+-}) 29. Rxa7 Rb8 30. Rc7 Nd3 31. b3 Rf8 32. a6 1-0

[Event "American Continental 3rd"]
[Site "Buenos Aires"]
[Date "2005.08.08"]
[Round "3"]
[White "Onischuk, Alexander"]
[Black "Akobian, Varuzhan"]
[Result "1-0"]
[WhiteElo "2628"]
[BlackElo "2558"]
[Annotator "Huebner,R"]
[PlyCount "85"]
[EventDate "2005.08.06"]
[EventType "swiss"]
[EventRounds "11"]
[EventCountry "ARG"]
[SourceTitle "CBM 109"]
[Source "ChessBase"]
[SourceDate "2005.11.14"]
[SourceVersion "1"]
[SourceVersionDate "2005.11.14"]
[SourceQuality "1"]

1. d4 d5 2. c4 c6 3. Nc3 Nf6 4. Nf3 dxc4 5. a4 Bf5 6. e3 e6 7. Bxc4 Bb4 8. O-O
Nbd7 9. Nh4 Bg6 10. Be2 O-O 11. Nxg6 hxg6 12. Qc2 Rc8 (12... Qe7 13. Rd1 e5 14.
h3 (14. Na2 Bd6 15. b4 e4 {/\Nd5 braucht Schwarz nicht zu fürchten.}) 14... a5
15. dxe5 Qxe5 16. Bd2 $10 {Kramnik,V-Hübner,R/ BL1992.}) 13. e4 c5 14. d5 exd5
15. Nxd5 {Weiß vermeidet das Bauernopfer, das mit 15.ed5: verbunden ist; man
sehe die folgenden Ausführungen.} (15. exd5 Re8 (15... Bxc3 16. bxc3 Nxd5 {
ist eine kritische Fortsetzung:} 17. Rd1 (17. Bf3 Ne5 (17... N5f6 18. Bf4 (18.
Bxb7 Rb8 19. Bf3 Ne5 {gibt dem Weißen keinen Vorteil.}) 18... Qa5 19. Bxb7 Rcd8
20. Rab1 {Die Lage des Schwarzen ist unbequem.}) 18. Be4 Nf6 {ist offenbar
befriedigend für Schwarz.}) (17. Qb3 {Ftacnik} N7f6 18. Bf3 Rc7 19. Rd1 c4 20.
Qa2 $36) 17... N5f6 18. Bf4 {Weiß hat gute Kompensation für den geopferten
Bauern.} (18. Bg5 $44)) 16. Rd1 c4 17. d6 Re6 (17... Ne5 $5 18. Bg5 Bxc3 19.
bxc3 Qd7 $13) 18. Bf4 Qb6 (18... Nh5 19. Bxh5 gxh5 20. Ne4 $16 (20. Nb5 Qf6 {
ist nicht überzeugend.})) (18... a6 19. Bf3 Qb6 20. Nd5 Nxd5 21. Bxd5 Rf6 22.
Be3 Bc5 (22... Qa5 23. Bxb7 {Auch 23.Bc4 ist stark.}) (22... Qd8 23. Bg5 {
und Weiß gewinnt.}) 23. Qxc4 Rxf2 24. b4 Rf4 25. bxc5) (18... Bxc3 19. bxc3 Ne5
{bietet vielleicht am ehesten Aussicht auf Widerstand.}) 19. Nb5 Bc5 (19... a6
{Ftacnik} 20. Nc7 Rxd6 21. Bxd6 Bxd6 22. Nd5) 20. Bg3 Ne4 (20... a6 21. Nc7
Rxd6 22. Bxd6 Bxd6 23. Nd5 Nxd5 (23... Bxh2+ {Ftacnik} 24. Kxh2 Qd6+ 25. Kg1
Nxd5 26. Rd4 $16) 24. Rxd5 Nf6 25. a5 Qc7 26. Rd4 Bxh2+ 27. Kh1 {Weiß steht
auf Gewinn.}) 21. Bg4 f5 22. Bf3 (22. Nc7 {Ftacnik} Rxd6 23. Bxd6 (23. Nd5 Rxd5
24. Rxd5 Ndf6) 23... Bxd6 24. Nd5 Qxf2+ 25. Qxf2 Nxf2 26. Kxf2 fxg4 $14) 22...
Kh7 (22... Nxg3 {Ftacnik} 23. Bd5 $1 Bxf2+ 24. Qxf2 Ne2+ 25. Kf1 Qxf2+ 26. Kxf2
Nf4 27. Bxe6+ Nxe6 28. Nxa7 $16) 23. Nc7 Re5 (23... Rxd6 {Ftacnik} 24. Bxd6
Nxd6 25. Nd5 Qa6 26. Re1 $16) 24. Nd5 Rxd5 (24... Qxd6 {Ftacnik} 25. Bxe4 fxe4
26. Ne3 Qe7 27. Rxd7 Qxd7 28. Bxe5 $18) 25. Rxd5 Nxg3 26. a5 {1-0 Ivanchuk,
V-Bareev,E/Dortmund 1995/CBM 048/[Huebner,R] (26)} Qa6 (26... Bxf2+ 27. Qxf2
Qxf2+ 28. Kxf2 Ne4+ 29. Bxe4 fxe4 30. Rc1 $18) 27. hxg3 Rc6 (27... Bxd6 28. Qd2
Rc6 29. Rd4 $18) 28. Rxf5 $1 gxf5 29. Qxf5+ $18) 15... Nxd5 16. exd5 Qh4 {
Dieser Ausflug gefällt mir nicht. Ich schlage} (16... c4 {vor, um dem Läufer
auf b4 Spielraum zu geben, so daß der d-Bauer des Weißen besser unter
Kontrolle gehalten werden kann.}) (16... Re8 {kommt ebenfalls in Betracht.})
17. g3 Qh3 $6 (17... Qf6 {sieht zweckmäßiger aus; die Dame leistet auf h3
alleine nichts.}) 18. Bf4 Nf6 19. Bc4 Rfe8 {Es sieht nicht gesund aus, die
Deckung von f7 aufzugeben. Nach} (19... Rcd8 20. Rad1 a6 {zur Verhinderung von
allfälligem Lc4-b5 kann Schwarz durchaus Widerstand leisten.}) 20. d6 Re4 $2 (
20... Rcd8 21. Qxg6 Rd7 22. Qc2 Nh5 23. Bg5 Rxd6 24. Rad1 Qd7 (24... Rxd1 25.
Qxd1 Nf6 26. Bxf6 gxf6 27. Qf3) 25. Qb3 Rxd1 26. Rxd1 Qxd1+ 27. Qxd1 Re1+ 28.
Qxe1 Bxe1 {Weiß hat Vorteil in diesem Endspiel, doch ist nicht klar, ob er zum
Gewinn genügt.}) (20... Qh5 21. Rad1 ({Auch nach} 21. Qb3 g5 22. Bxg5 Qxg5 23.
Bxf7+ Kf8 24. Bxe8 Rxe8 {ist die Lage nicht deutlich.}) 21... Rcd8 22. f3 ({
Nach} 22. Qb3 g5 23. Bxg5 Qxg5 24. Bxf7+ Kh7 25. Bxe8 Nxe8 26. d7 Nf6 27. Qe6
Qg4 28. Qxg4 Nxg4 29. Rd6 Ne5 30. Rfd1 Nc4 31. Re6 Nd2 {kann Weiß nicht
gewinnen.}) 22... a6 23. g4 Qh7 24. Rf2 {Die Stellung des Schwarzen ist
ungemütlich, aber noch nicht hoffnungslos.}) 21. f3 Rd4 22. Rad1 Qd7 23. Be5 $6
(23. Rxd4 cxd4 24. Bxf7+ Kxf7 25. Qb3+ Qe6 26. Qxb4 Qd5 27. Re1 {dürfte zum
Gewinn führen.}) 23... Rxd1 24. Rxd1 Kh7 25. Bb5 Qd8 $2 (25... Qe6 {leistet
Widerstand.}) 26. d7 $18 Ra8 27. Qd3 Ba5 28. Qd6 Qb6 29. Qe7 c4+ 30. Kg2 c3 31.
Bxc3 Bxc3 32. d8=Q Rxd8 33. Qxd8 Qxd8 34. Rxd8 Bxb2 35. Bc4 g5 36. Bxf7 b6 37.
Bc4 Kg6 38. Ra8 a5 39. Bd3+ Kf7 40. Ra7+ Kf8 41. Bg6 Bd4 42. Kf1 Bc5 43. Ke2
1-0

[Event "POL-ch 62nd"]
[Site "Poznan"]
[Date "2005.04.26"]
[Round "6"]
[White "Miton, Kamil"]
[Black "Warakomski, Tomasz"]
[Result "1-0"]
[WhiteElo "2592"]
[BlackElo "2384"]
[Annotator "Huebner,R"]
[PlyCount "69"]
[EventDate "2005.04.21"]
[EventType "tourn"]
[EventRounds "13"]
[EventCountry "POL"]
[EventCategory "12"]
[SourceTitle "CBM 107"]
[Source "ChessBase"]
[SourceDate "2005.08.01"]
[SourceVersion "1"]
[SourceVersionDate "2005.08.01"]
[SourceQuality "1"]

1. Nf3 d5 2. d4 Nf6 3. c4 dxc4 4. Nc3 c6 5. a4 Bf5 6. e3 Nbd7 7. Bxc4 e6 8. O-O
Bb4 9. Qb3 a5 10. Na2 Be7 11. Bd2 (11. Qxb7 Rb8 12. Qa6 Ra8 13. Qxc6 Rc8 14.
Qa6 Ra8 {ergibt Remis.}) 11... Ne4 $6 {Ein Vorgänger:} (11... Qc7 12. Rfd1 Bg4
13. Be2 O-O 14. h3 Bh5 15. Nc3 e5 16. dxe5 Nxe5 17. Nxe5 Bxe2 18. Nxe2 Qxe5 19.
Bc3 Qc7 20. Ng3 Nd5 21. Bd4 Bf6 22. Bxf6 Nxf6 23. Rac1 Rfd8 24. Nf5 Ne4 25. f3
Rxd1+ 26. Rxd1 Nc5 27. Qc3 {1/2-1/2 Molvig,H-Karlsen,A/Copenhagen 1993/EXT 99 
(27).}) 12. Rfc1 $6 {Es ist natürlich die Frage, ob Weiß den Bauern auf b7
schlucken darf. Es scheint so:} (12. Qxb7 Bg4 (12... Rb8 13. Qa6 (13. Qxc6 Rxb2
{sieht nicht gut für Weiß aus.}) 13... Nxd2 (13... Ra8 14. Qxc6 Rc8 15. Qb5 {
führt nicht zu Zugwiederholung.}) 14. Nxd2 c5 15. Bb5 O-O 16. Nb3 cxd4 17. Qxa5
dxe3 18. fxe3 {überläßt dem Weißen Vorteil.}) 13. Rfd1 Nd6 14. Qb3 Rb8 15. Qc2
Bxf3 16. gxf3 Nxc4 17. Qxc4 Rxb2 18. Qxc6 {mit Vorteil für Weiß.}) 12... Nxd2
13. Nxd2 Qb8 (13... Qb6 {sieht natürlicher aus.}) 14. Bd3 (14. e4 Bg6 15. Qe3
O-O {verspricht dem Weißen auch nichts Besonderes.}) 14... Bxd3 15. Qxd3 e5 $6
{Das ist hier überflüssig; da schon zwei Leichtfiguren abgetauscht sind,
braucht Schwarz sich nicht mehr zu befreien.} (15... O-O {ist angewiesen; nach}
16. e4 Rd8 {bekommt lediglich Weiß Sorgen mit der Verteidigung des d-Bauern.})
16. d5 Nc5 17. Qc4 cxd5 $2 {Das führt zum Verlust.} ({Richtig ist} 17... O-O
18. Nc3 Rd8 (18... Qd6 19. Rd1 Rad8 20. Nf3 e4 21. dxc6 Qxc6 22. Nd4 {überläßt
dem Weißen einigen Vorteil.}) 19. Rd1 Qc7 {mit ungefähr ausgeglichener
Stellung.}) 18. Qb5+ Nd7 19. Nc3 Bb4 20. Nxd5 Bxd2 21. Rc2 Bb4 22. Nb6 Qd6 23.
Nxa8 O-O 24. Rcc1 Nc5 25. Rd1 Qg6 26. Nb6 Nb3 27. Rab1 Nd2 28. Rbc1 Nf3+ 29.
Kh1 Qh5 30. gxf3 Qxf3+ 31. Kg1 Qg4+ 32. Kf1 Qh3+ 33. Ke2 Qg4+ 34. Kd3 Qf5+ 35.
Kc4 1-0